| 000 | 01312nam a2200349 i 4500 | ||
|---|---|---|---|
| 001 | 000016637 | ||
| 003 | DO-SdBNP | ||
| 005 | 20240301073825.0 | ||
| 007 | ta | ||
| 008 | 100308s2005 dr d r 000 0 spa d | ||
| 020 | _a9945415069 | ||
| 040 |
_aDO-SdBNP _bspa _cBNPHU _erda |
||
| 082 |
_a371.2913 _bE74s _222 |
||
| 245 | 0 | 0 |
_aEscuela y sociedad : _bentre la exclusión y la inclusión / _cMarcos Villamán, Susana Doñé Corporán y Sergio Humberto Faña ; coordinador y prólogo Radhamés Mejía ; cuidado de edición Diógenes Céspedes. |
| 264 |
_aSanto Domingo : _bBúho, _c2005. |
||
| 300 |
_a123 paginas ; _c22 cm. |
||
| 336 |
_2rdacontent _atexto _btxt |
||
| 337 |
_2rdamedia _asin mediación _bn |
||
| 338 |
_2rdacarrier _avolumen _bnc |
||
| 504 | _aIncluye referencias bibliográficas y notas al pie de las páginas | ||
| 504 | _aBibliografía : p. 121-123 | ||
| 590 | _aInventariado, 2023 / DG | ||
| 650 | 4 |
_aEducación _zRepública Dominicana _9737 |
|
| 651 | 4 |
_aRepública Dominicana _xCondiciones Sociales _946 |
|
| 700 | 1 |
_aVillamán, Marcos _9760 |
|
| 700 | 1 |
_aDoñé Corporán, Susana _936953 |
|
| 700 | 1 |
_aFaña, Sergio Humberto _936954 |
|
| 700 | 1 |
_aMejía, Radhamés, _ecoord. y prol. _96414 |
|
| 700 | 1 |
_aCéspedes, Diógenes, _d1941- _eed. _920548 |
|
| 910 | _aDG | ||
| 942 |
_2ddc _cLBS1 |
||
| 999 |
_c16170 _d16170 |
||